Journal: extraits
Gardado en:
| Formato: | Libro |
|---|---|
| Idioma: | francés |
| Publicado: |
París
Gallimard
1963
|
| Series: | Les Essais, 11-70-77-83-99
|
| Subjects: | |
| Tags: |
Engadir etiqueta
Sen Etiquetas, Sexa o primeiro en etiquetar este rexistro!
|
MARC
| LEADER | 00000nam a2200000 a 4500 | ||
|---|---|---|---|
| 001 | UCZ5271 | ||
| 003 | CL-VaPUC | ||
| 008 | 951117e19630000FR |||||||||||||||||fre|d | ||
| 082 | 0 | 4 | |a 142.78 |b KIE |2 21 |
| 245 | 1 | 0 | |a Journal: extraits |
| 300 | |a v | ||
| 942 | |c BK | ||
| 945 | |d 19951117 00:00:00 |a cmena | ||
| 260 | |a París |b Gallimard |c 1963 | ||
| 500 | |a v.1: 1834-1846 | ||
| 500 | |a v.2: 1846-1849 | ||
| 500 | |a v.3: 1849-1850 | ||
| 500 | |a v.4: 1850-1853 | ||
| 500 | |a v.5: 1854-1855 | ||
| 650 | 0 | |a Existencialismo |9 265698 | |
| 650 | 0 | |a Filosofía danesa |9 266957 | |
| 650 | 7 | |a ESCUELAS DANESAS |2 CL-VaPUC |9 349229 | |
| 650 | 0 | |a Teología |9 258766 | |
| 583 | |a last modification |c 20180315 16:33:10 |k Rodrigo Vera | ||
| 490 | 0 | |a Les Essais, 11-70-77-83-99 | |
| 999 | |c 241591 |d 241589 | ||
| 952 | |0 0 |1 0 |4 0 |6 142_780000000000000_KIE_1963 |7 0 |8 P |9 253954 |a BIBEDU |b BIBEDU |c BIBEDU_PB |d 2019-11-19 |h v.1 |i 1573608 |o 142.78 KIE 1963 |p 1573608 |r 2024-01-25 |w 2019-11-19 |y BK |k FIL | ||
| 952 | |0 0 |1 0 |4 0 |6 142_780000000000000_KIE_1963 |7 0 |8 P |9 253955 |a BIBEDU |b BIBEDU |c BIBEDU_PB |d 2019-11-19 |h v.2 |i 1573616 |o 142.78 KIE 1963 |p 1573616 |r 2024-01-25 |w 2019-11-19 |y BK |k FIL | ||
| 952 | |0 0 |1 0 |4 0 |6 142_780000000000000_KIE_1963 |7 0 |8 P |9 253956 |a BIBEDU |b BIBEDU |c BIBEDU_PB |d 2019-11-19 |h v.3 |i 1573624 |o 142.78 KIE 1963 |p 1573624 |r 2024-01-25 |w 2019-11-19 |y BK |k FIL | ||
| 952 | |0 0 |1 0 |4 0 |6 142_780000000000000_KIE_1963 |7 0 |8 P |9 253957 |a BIBEDU |b BIBEDU |c BIBEDU_PB |d 2019-11-19 |h v.4 |i 1573632 |o 142.78 KIE 1963 |p 1573632 |r 2024-01-25 |w 2019-11-19 |y BK |k FIL | ||
| 952 | |0 0 |1 0 |4 0 |6 142_780000000000000_KIE_1963 |7 0 |8 P |9 253958 |a BIBEDU |b BIBEDU |c BIBEDU_PB |d 2019-11-19 |h v.5 |i 1573640 |o 142.78 KIE 1963 |p 1573640 |r 2024-01-25 |w 2019-11-19 |y BK |k FIL | ||